000 00683nam a2200205Ia 4500
003 GCL
008 140319s9999 xx 000 0 ara d
040 _aGCL /
_cGCL
082 0 4 _a327.2
_bس ا
100 1 _aسلطان احمد خليف
245 1 0 _aادارة المراسم :
_bاطر مفاهيمية /
_cسلطان احمد خليف
250 _aالاولى
260 _aالاردن :
_bدار وائل للنشر ،
_c2005
300 _a126 ص ؛
_c24 سم
650 0 4 _aالدبلوماسيون
650 0 4 _aالسلك الدبلوماسى والقنصلى
650 0 4 _aالبروتوكول
650 0 4 _aالهيئات الدبلوماسية
942 _2ddc
_cBK
999 _c8444
_d8444